000 00621nam a2200229Ia 4500
003 OSt
005 20220918225222.0
006 a|||||r|||| 00| 0
007 ta
008 220917b |||||||| |||| 00| 0 eng d
024 _a238,653
037 _cTextual
040 _aARTS
_cARTS
_beng
041 _2eng
_aeng
082 _aO111,3J54,1:g, K5
100 _aLanham Richard A.
_953018
245 0 _aSidney's arcadia
260 _aNew Haven
_bYale University Press
_c1965
650 _aENGLISH LITERATURE
942 _hO111,3J54,1:g, K5
_cTEXL
_2CC
999 _c283950
_d283950